| 000 | 00455nam a2200169Ia 4500 | ||
|---|---|---|---|
| 005 | 20250123055029.0 | ||
| 008 | 240331s9999 xx 000 0 und d | ||
| 082 |
_bCEL _a920 |
||
| 100 | _aInternational leader and repesentives | ||
| 245 | 0 |
_aCelebration of Neelan : _bselected tributes |
|
| 260 |
_aColombo _bInternational Centre For Ethnic Studies _c1999 |
||
| 300 | _a35 p ., | ||
| 650 | _aCivil | ||
| 650 | _aSociety | ||
| 650 | _aSocial | ||
| 942 | _cL | ||
| 999 |
_c3450 _d3450 |
||